Escuela, calidad e igualdad: los desafíos para educar en democracia
Guardat en:
| Autors principals: | , |
|---|---|
| Format: | Llibre |
| Idioma: | espanyol |
| Publicat: |
Santiago
CIDE
1989
|
| Matèries: | |
| Etiquetes: |
Afegir etiqueta
Sense etiquetes, Sigues el primer a etiquetar aquest registre!
|
MARC
| LEADER | 00000nam a2200000 a 4500 | ||
|---|---|---|---|
| 001 | UCW4348 | ||
| 003 | CL-VaPUC | ||
| 008 | 900118e19890000CL |||||||||||||||||spa|d | ||
| 082 | 0 | 4 | |a 306.43 |b COX |2 21 |
| 100 | |a Cox D., Cristián |e author |9 572370 | ||
| 700 | |a García-Huidobro Saavedra, Juan Eduardo |e author |9 489835 | ||
| 245 | 1 | 0 | |a Escuela, calidad e igualdad: los desafíos para educar en democracia |
| 300 | |a 275 p | ||
| 942 | |c BK | ||
| 945 | |d 19900118 00:00:00 | ||
| 260 | |a Santiago |b CIDE |c 1989 | ||
| 650 | 0 | |a Democratización de la educación |9 307986 | |
| 650 | 0 | |a Sociología de la educación |9 260380 | |
| 583 | |a last modification |c 19900118 00:00:00 |k Rodrigo Vera | ||
| 999 | |c 218114 |d 218112 | ||
| 952 | |0 0 |1 0 |4 0 |6 306_430000000000000_COX_1989 |7 0 |8 A |9 207068 |a BIBEDU |b BIBEDU |d 2019-11-15 |i 274838K |o 306.43 COX 1989 |p 274838K |r 2019-11-15 |w 2019-11-15 |y BK |k EDU | ||
| 952 | |0 0 |1 0 |4 0 |6 306_430000000000000_COX_1989 |7 0 |8 A |9 207069 |a BIBEDU |b BIBEDU |d 2019-11-15 |i 1560352 |l 3 |o 306.43 COX 1989 |p 1560352 |r 2022-07-14 |s 2022-07-14 |w 2019-11-15 |y BK |k EDU | ||
| 952 | |0 0 |1 0 |4 0 |6 306_430000000000000_COX_1989 |7 0 |8 A |9 207070 |a BIBEDU |b BIBEDU |d 2019-11-15 |i 3600157 |o 306.43 COX 1989 |p 3600157 |r 2019-11-15 |w 2019-11-15 |y BK |k BME | ||